[Event "Noale Szabados Memorial-B 1st"]
[Site "Noale"]
[Date "2008.02.09"]
[Round "3"]
[White "Fragni, Enrico"]
[Black "Zabeo, Gianpaolo"]
[Result "1-0"]
[WhiteElo "1731"]
[BlackElo "1443"]
[PlyCount "71"]
[EventDate "2008.02.08"]
[EventType "swiss"]
[EventRounds "5"]
[EventCountry "ITA"]
[SourceTitle "EXT 2022"]
[Source "ChessBase"]
[SourceDate "2021.10.06"]
[SourceVersion "1"]
[SourceVersionDate "2021.10.06"]
[SourceQuality "1"]

1. d4 d5 2. Nf3 Nc6 3. c3 Nf6 4. Bg5 Bf5 5. Nbd2 e6 6. Nh4 Be7 7. Nxf5 exf5 8. Qc2 Ne4 9. Bxe7 Qxe7 10. e3 0-0 11. Nf3 f4 12. 0-0-0 fxe3 13. fxe3 Rfe8 14. Bd3 Qf6 15. Rde1 Re7 16. Rhf1 Qd6 17. g3 Rae8 18. Nh4 g6 19. Rf4 Re6 20. Rg4 Kg7 21. Nf5+ Kf8 22. Nxd6 Rxd6 23. Bxe4 dxe4 24. Rxe4 Nb4 25. Rxe8+ Kxe8 26. cxb4 Rc6 27. Qxc6+ bxc6 28. Kd2 Ke7 29. Kd3 Kd6 30. e4 f6 31. Kc4 a6 32. a4 h6 33. e5+ fxe5 34. dxe5+ Ke6 35. Kc5 h5 36. h4 1-0

[Event "Veneto-ch qf 62nd"]
[Site "Arqua Petrarca"]
[Date "2002.05.12"]
[Round "6.32"]
[White "Crescenzio, Alberto"]
[Black "Zabeo, Gianpaolo"]
[Result "0-1"]
[WhiteElo "1300"]
[BlackElo "1300"]
[PlyCount "126"]
[EventDate "2002.05.04"]
[EventType "swiss"]
[EventRounds "6"]
[EventCountry "ITA"]
[SourceTitle "EXT 2024"]
[Source "ChessBase"]
[SourceDate "2023.10.10"]
[SourceVersion "1"]
[SourceVersionDate "2023.10.10"]
[SourceQuality "1"]

1. e4 e5 2. Nf3 Nc6 3. Bc4 Bc5 4. 0-0 Nf6 5. Nc3 d6 6. d3 h6 7. h3 Bd7 8. Bd2 Qe7 9. Re1 0-0-0 10. Qe2 Rdg8 11. Be3 g5 12. Reb1 g4 13. hxg4 Bxg4 14. Kf1 Rg7 15. Ke1 Rhg8 16. Kd2 Bxf3 17. Qxf3 Rxg2 18. Qf5+ Kb8 19. Qf3 Ng4 20. Qxg2 Qf6 21. Rf1 Rg6 22. Nd5 Nxe3 23. Nxf6 Rxg2 24. Nd7+ Kc8 25. Nxc5 Nxf1+ 26. Rxf1 dxc5 27. Bxf7 Nd4 28. Bh5 Kd7 29. c3 Nc6 30. Bf3 Rg5 31. Rh1 Rg6 32. Rh2 Ke7 33. Ke3 Kf6 34. Be2 Kg7 35. f4 Rg3+ 36. Kf2 exf4 37. Rh4 Ne5 38. Rxf4 Rh3 39. Kg2 Re3 40. Kf2 Rxd3 41. Bxd3 Nxd3+ 42. Kf3 Nxf4 43. Kxf4 Kf6 44. e5+ Ke6 45. c4 c6 46. b3 b6 47. a3 a6 48. a4 a5 49. Kg4 Kxe5 50. Kh5 Kd4 51. Kxh6 Kc3 52. Kg5 Kxb3 53. Kf4 Kxc4 54. Ke3 b5 55. axb5 cxb5 56. Kd2 b4 57. Kc1 a4 58. Kb1 Kc3 59. Ka1 c4 60. Kb1 Kb3 61. Ka1 c3 62. Kb1 c2+ 63. Ka1 c1Q# 0-1